000 00600nam a2200169Ia 4500
008 151213s9999 xx 000 0 und d
020 _a984-072722-2
100 _aসুরোচিষ সরকার ।
245 _aযোগেশ চন্দ্র বাসল।
_cসুরোচিষ সরকার ।
250 _a১ম সং
260 _aঢাকা
_bবাংলা একাডেমী।
_c1993
300 _a4446 p.
650 _aBangla
650 _aজীবনী গ্রন্থমালা
700 _aসুরোচিষ সরকার ।
999 _c2821
_d2821